000 00240nam a22000857a 4500
008 160914b xxu||||| |||| 00| 0 eng d
100 _9448
_aTuli. G.D. etal
245 _aThe Language of Chemistry
260 _aNew Delhi
_bS. Chand Publications
_c2012
999 _c3107
_d3107